| 000 | 00598nam a22002177a 4500 | ||
|---|---|---|---|
| 001 | 00028656 | ||
| 005 | 20260326161934.0 | ||
| 008 | 260326b ag ||||| |||| 00| 0 spa d | ||
| 020 | _a9509515027 | ||
| 040 |
_aAR-CcCEOS _bspa _cAR-CcCEOS |
||
| 041 | _aspa | ||
| 080 | _a159.94 | ||
| 090 | _bFUN | ||
| 245 |
_aFundación del campo freudiano / _b¿Cómo se analiza hoy? |
||
| 250 | _a1ª ed. | ||
| 264 |
_aBuenos Aires : _bManantial, _cc1984. |
||
| 300 |
_a252 p. ; _c24x20 cm. |
||
| 650 | 0 |
_afilosofía _9153 |
|
| 942 |
_2udc _cBK _n0 |
||
| 999 |
_c28689 _d28689 |
||